Famous -son Surnames II Quiz Stats

Quiz Updated Nov 30, 2015

Challenge
Share
Tweet
Score 0/20 Timer 04:00
4 Plays Today
% Correct
Mel Gibson
92.6%
Marilyn Manson
86.7%
Woody Harrelson
83.4%
Liam Neeson
82.8%
Ted Danson
76%
O.J. Simpson
73.9%
Pamela Anderson
72.7%
Andrew Jackson
71%
Kelly Clarkson
70.6%
Roy Orbison
62.3%
% Correct
Emma Thompson
51%
Neil DeGrasse Tyson
46.7%
Jennifer Hudson
44.8%
Kris Kristofferson
43.3%
William Henry Harrison
36.7%
Sam Donaldson
32.9%
Richard Dawson
31.1%
Jackie Gleason
29.9%
Matthew Morrison
22.8%
Jackie Mason
19.1%

You're not logged in!

Compare scores with friends on all Sporcle quizzes.
Join for Free
OR
Log In

You Might Also Like...

Show Comments

Extras

Top Quizzes Today


Score Distribution

Your Account Isn't Verified!

In order to create a playlist on Sporcle, you need to verify the email address you used during registration. Go to your Sporcle Settings to finish the process.

Report this User

Report this user for behavior that violates our Community Guidelines.

Details: